1687 1218 1381 1497 1281 1181 1498 1709 1270 1616 1265 1772 1642 1430 1494 1742 1037 1074 1805 1703 1372 1852 1894 1535 1381 1255 1578 1402 1556 1618 1421 1231 1320 1877 1878 1210 1463 1120 1623 1521 1807 1651 1803 1603 1885 1409 1581 1764 1947 1025 1219 1074 1298 1040 1850 1926 1337 1040 1629 1499 1865 1820 1550 1346 1224 1320 1608 1127 1589 1827 1729 1094 1328 1206 1778 1471 1614 1088 1875 1660 1807 1544 1375 1320 1838 1402 1899 1632 1631 1184 1543 1051 1947 1321 1574 1921 1961 1795 1134 BCNSPRNW ULIB Ver.6.0+V

เปลี่ยนเป็นภาษาไทย

Change to English
 แสดงรายละเอียดบรรณานุกรม
  กลับหน้าหลัก

Brief Record : Get Marc (ISO 2709) : E-mail record : QR code < ปิดหน้าต่าง
LEADER : 00000nam 2200000uu 4500
001    13399115000
003     ULIB
008    120627s2552||||th 000 0 tha d
020    ^a9786110600828
090    ^aนว.^bจ793จ 2552
100 0  ^aกระบี่หลงทิศ
245 00 ^aจอมลวงเจ้าเสน่ส์/^cเจี่ยนอิง
250    ^aพิมพ์ครั้งที่ 1
260    ^aกรุงเทพฯ :^bแจ่มใส,^c2552
300    ^a221 หน้า
945    ^p159^l0^i16171
995    ^aกัณชพร
999    ^aใช้งานได้ทุกระบบ
รายการนี้ยังไม่มีแท็ก
คุณยังไม่ได้ล็อกอิน คุณสามารถมีกิจกรรมร่วมกับเว็บไซต์ได้ แต่ต้องล็อกอินก่อน ::
  ล็อกอิน

รายการสื่อสารสนเทศ

ลำดับที่ ประเภท เลขเรียก/บาร์โค้ด สถานที่ สถานะ
1. นวนิยาย
นวนิยาย
นว. จ793จ 2552  
  Barcode: 16171
ห้องสมุดวิทยาเขตสวรรค์ประชารักษ์
►นวนิยาย
บนชั้น
  ขอยืม

รายการใกล้เคียง
    ผู้แต่ง [กระบี่หลงทิศ]

BibComment


ยังไม่เคยถูกคอมเมนท์

คอมเมนท์ทรัพยากรรายการนี้
  คอมเมนท์: จอมลวงเจ้าเสน่ส์..


 Copyright 2026. Bcnsprnw @Library